[Event "Qatar Masters op"]
[Site "Doha"]
[Date "2014.11.26"]
[Round "1"]
[White "Halkias, Stelios"]
[Black "Kramnik, Vladimir"]
[Result "1/2-1/2"]
[WhiteElo "2519"]
[BlackElo "2760"]
[PlyCount "70"]
[EventDate "2014.11.26"]
[EventType "swiss"]
[EventRounds "9"]
[EventCountry "QAT"]
[SourceTitle "CBM 164"]
[Source "ChessBase"]
[SourceDate "2015.01.15"]
[SourceVersion "1"]
[SourceVersionDate "2015.01.15"]
[SourceQuality "1"]
[WhiteClock "1:30:30"]
[BlackClock "1:30:30"]

1. e4 e5 2. Nf3 Nc6 3. Bc4 Bc5 4. b4 Bxb4 5. c3 Be7 6. d4 Na5 7. Bd3 d6 8. dxe5
dxe5 9. Nxe5 Nf6 10. O-O O-O 11. Qc2 Nd7 12. Nxd7 Qxd7 13. e5 g6 14. Nd2 b6 15.
Nf3 Bb7 16. Be4 Bxe4 17. Qxe4 Qc6 18. Qg4 Rad8 19. Bg5 Qc5 20. Qh4 Nc6 21. Rae1
h5 22. Re4 Rd3 23. Rc4 Qd5 24. Bxe7 Nxe7 25. Rxc7 Nf5 26. Qc4 Qxc4 27. Rxc4 Re8
28. Re1 Rd5 29. h3 Kf8 30. g4 hxg4 31. hxg4 Ng7 32. Rc7 Re7 33. Rc8+ Re8 34.
Rc7 Re7 35. Rc8+ Re8 1/2-1/2

[Event "Qatar Masters op"]
[Site "Doha"]
[Date "2014.11.27"]
[Round "2"]
[White "Kramnik, Vladimir"]
[Black "Shyam, Sundar M"]
[Result "1/2-1/2"]
[WhiteElo "2760"]
[BlackElo "2484"]
[PlyCount "82"]
[EventDate "2014.11.26"]
[EventType "swiss"]
[EventRounds "9"]
[EventCountry "QAT"]
[SourceTitle "CBM 164"]
[Source "ChessBase"]
[SourceDate "2015.01.15"]
[SourceVersion "1"]
[SourceVersionDate "2015.01.15"]
[SourceQuality "1"]
[WhiteClock "1:30:30"]
[BlackClock "1:30:30"]

1. Nf3 d5 2. c4 e6 3. b3 Be7 4. Bb2 Bf6 5. Nc3 dxc4 6. bxc4 c5 7. g4 h6 8. h4
Bd7 9. e3 Bc6 10. Bg2 Nd7 11. Ke2 Kf8 12. g5 Bxc3 13. Bxc3 e5 14. d4 exd4 15.
exd4 Bxf3+ 16. Bxf3 hxg5 17. Bxb7 Qe7+ 18. Kf1 Rd8 19. hxg5 Rxh1+ 20. Bxh1 Qxg5
21. Qf3 Ngf6 22. Re1 Qh4 23. Bg2 cxd4 24. Bb4+ Kg8 25. Be7 Re8 26. Qf5 Qh7 27.
Qxh7+ Kxh7 28. c5 d3 29. Bd6 d2 30. Rd1 Ne4 31. c6 Nb6 32. Bf4 Nc4 33. Bxe4+
Rxe4 34. c7 Re8 35. Bxd2 Nxd2+ 36. Rxd2 Rc8 37. Rd7 Kg6 38. f4 Kf6 39. f5 Kxf5
40. Rxf7+ Ke6 41. Rxg7 Kd6 1/2-1/2

[Event "Qatar Masters op"]
[Site "Doha"]
[Date "2014.11.28"]
[Round "3"]
[White "Debashis, Das"]
[Black "Kramnik, Vladimir"]
[Result "0-1"]
[WhiteElo "2485"]
[BlackElo "2760"]
[PlyCount "162"]
[EventDate "2014.11.26"]
[EventType "swiss"]
[EventRounds "9"]
[EventCountry "QAT"]
[SourceTitle "CBM 164"]
[Source "ChessBase"]
[SourceDate "2015.01.15"]
[SourceVersion "1"]
[SourceVersionDate "2015.01.15"]
[SourceQuality "1"]
[WhiteClock "1:30:30"]
[BlackClock "1:30:30"]

1. e4 e5 2. Nf3 Nc6 3. Bb5 Nf6 4. O-O Nxe4 5. Re1 Nd6 6. Nxe5 Be7 7. Bf1 Nf5 8.
Nf3 d5 9. d4 O-O 10. Nc3 Bb4 11. Bf4 Nce7 12. a3 Ba5 13. b4 Bb6 14. Na4 Ng6 15.
Bc1 Nd6 16. Ne5 c6 17. Nxb6 axb6 18. Rb1 Re8 19. Rb3 Nf8 20. Rbe3 f6 21. Ng4
Be6 22. h3 b5 23. Bd3 Bf7 24. Rxe8 Bxe8 25. Ne3 Bg6 26. Bf1 Qd7 27. h4 h6 28.
g3 Be4 29. Kh2 Qf7 30. Bh3 Re8 31. Kg1 Re7 32. c3 Qe8 33. f3 Bh7 34. Kf2 Ne6
35. Bf1 g5 36. Ng4 Kg7 37. hxg5 hxg5 38. Bg2 Nf5 39. Ne3 Nd6 40. Ng4 Bg6 41.
Re2 Nf5 42. Qe1 Kf7 43. Bh3 Qh8 44. Kg2 Re8 45. Bd2 Qh7 46. Nf2 Nfg7 47. Kg1
Bf5 48. g4 Bc2 49. Bg2 Bb3 50. Nh3 Bc4 51. Re3 Qc2 52. Bc1 b6 53. Qd2 Qxd2 54.
Bxd2 Ra8 55. Bc1 Ne8 56. Re1 Nd6 57. Nf2 Nc8 58. Kh2 Ne7 59. Kg3 Ng6 60. Nh3 c5
61. dxc5 bxc5 62. bxc5 Nxc5 63. Be3 Nd3 64. Ra1 Re8 65. Bd4 Ne1 66. Bf2 Nxg2
67. Kxg2 Re2 68. a4 bxa4 69. Rxa4 Rc2 70. Ra3 Ne5 71. Kg3 Bf1 72. f4 Nd3 73.
Ra7+ Kg6 74. f5+ Kh6 75. Rf7 Ne5 76. Rxf6+ Kg7 77. Re6 Rxc3+ 78. Kh2 Nf3+ 79.
Kg3 d4 80. Rg6+ Kf7 81. Rh6 Nh4+ 0-1

[Event "Qatar Masters op"]
[Site "Doha"]
[Date "2014.11.29"]
[Round "4"]
[White "Kramnik, Vladimir"]
[Black "Mista, Aleksander"]
[Result "1-0"]
[WhiteElo "2760"]
[BlackElo "2616"]
[Annotator "Sagar Shah"]
[PlyCount "67"]
[EventDate "2014.11.26"]
[EventType "swiss"]
[EventRounds "9"]
[EventCountry "QAT"]
[SourceTitle "CBM 164"]
[Source "ChessBase"]
[SourceDate "2015.01.15"]
[SourceVersion "1"]
[SourceVersionDate "2015.01.15"]
[SourceQuality "1"]

{When facing opponents who are rated around 150-200 points below himself,
Kramnik has shown a liking towards going for double fianchetto setups. He
figures out that in these relatively quiet and non-theoretical setups, he can
outfox his opponents.} 1. Nf3 d5 2. g3 Nf6 3. Bg2 e6 4. O-O Be7 5. c4 O-O 6. b3
{After the books of Marin on the English Opening and Delchev on the Reti, this
has become quite a popular setup.} (6. d4 {would of course transpose to the
Catalan in which Kramnik is a big expert but as previosuly mentioned he tries
to avoid well known theoretical paths.}) 6... c5 7. Bb2 b6 (7... Nc6 {is the
more natural move and White can continue with} 8. e3 {with an interesting
position.}) 8. Nc3 Bb7 (8... d4 {of course is impossible due to} 9. Ne1 $1 $16)
9. e3 dxc4 10. bxc4 Nc6 {This is one of the tabiyas in the double fianchetto
variation.} 11. Qe2 (11. d4 {is not so great because of} Na5 $1 {[%csl Rc4]}
12. Qe2 cxd4 13. exd4 Rc8 14. Ne5 Bxg2 15. Kxg2 Nd7 $15 {There is extreme
pressure on the c4 pawn.}) 11... Qc7 {This is a provocative move because Black
is inviting White to play Nb5 with a tempo. But his philosophy is that he can
later kick the knight away from b5 with a6 and regain the lost tempo.} 12. Nb5
{Kramnik goes for it.} (12. Rfd1 {is the most popular move but I like
Kramnik's idea of provoking a6 in order to weaken the b6-pawn. However, there
is one more way of playing such positions and that is to remove the N to e1
and start rolling the kingside pawns forward with f4 and g4.} Rfd8 13. d3 Rac8
14. Rab1 Qb8 15. Ne1 Rd7 16. f4 Rcd8 17. a3 Qa8 18. g4 $36 {1-0 (18) Matlakov,
M (2668)-Kovalenko,I (2556) St Petersburg 2012, with a dangerous attacking
setup.}) 12... Qd7 13. Rfd1 a6 14. Nc3 Qc7 15. Rac1 {White is preparing for
the key break in the centre with d2-d4.} (15. d4 {would be premature thanks to
the pressure on the c4 pawn after} cxd4 16. exd4 Na5 $15) 15... Rfd8 16. Ba1 {
Kramnik makes all those little preparatory moves before going for d4. As you
can see Black has no meaningful pawn breaks in the position.} (16. d4 {could
have been a better idea now but Black can maintain the balance with} cxd4 17.
exd4 Na5 18. Nb1 Re8 $5 {Getting ready to face the d4-d5 break.} 19. Ne5 Bxg2
20. Kxg2 Nd7 $11) 16... Rab8 (16... Rac8 {was also possible but the b6-pawn is
a little loose and hence it makes sense to place the rook on b8.}) 17. Na4 {
Keeping an eye on the b6-pawn.} Ba8 (17... Na5 $1 {was better.} 18. d4 cxd4 19.
exd4 Bc6 20. Nc3 Ba3 21. Rc2 Rbc8 {Black is doing fine here.}) 18. d4 {Finally
Kramnik feels that this is the right time to open the position.} Qa7 (18...
cxd4 19. exd4 {As you can see in such positions, the perfect placement of
white pieces makes the central break of d4-d5 quite dangerous if Black is not
careful.} Ba3 20. Rc3 Bb4 21. Rc2 Qe7 {Black has co-ordinated well.}) 19. Ng5
h6 20. Ne4 Nxe4 21. Bxe4 {[%cal Ga1g7,Ge4h7,Ge2h5] White has two pieces aiming
towards the kingside and the queen is ready to join in. In such situations it
is extremely important for Black to bring some reinforcements to the kingside.
Instead of doing that Mista moves his knight to the far edge of the board.
What follows is a deadly attack.} Na5 $6 (21... cxd4 22. exd4 Bf6 23. d5 Bxa1 {
With one attacker exchanged, things are not so dangerous any more.} 24. dxc6 (
24. Rxa1 exd5 25. cxd5 Na5 $11) 24... Bd4 $11) 22. d5 $1 {From this point
onwards Kramnik conducts the attack to perfection.} b5 23. cxb5 axb5 24. Qg4 $1
{With the Q on a7, N on a5, B on a8, Black's king is looking very lonely on g8.
} Bf8 25. Nxc5 $1 {Of course the c5-knight cannot be taken because of mate on
g7 but Black has prepared this pawn fork with f5.} f5 26. Qg6 $1 fxe4 $2 {
The losing move of the game. Now the attack is irresistible.} (26... Bxc5 {
was forced and after} 27. Rxc5 fxe4 28. Be5 $1 {Not an easy move to see at all.
} (28. Qxe6+ Qf7 $11) (28. Rdc1 Nc4 29. dxe6 Rd5 30. Rxd5 Bxd5 $14) 28... Qf7 (
28... Rbc8 $2 29. Rxc8 Rxc8 30. Qxe6+ $18) (28... Rb6 29. Rc7 $18) 29. Qxf7+
Kxf7 30. Bxb8 Rxb8 31. Rc7+ Kf6 32. dxe6 $14 {Though White is better here, he
is nowhere close to winning and Black has good fighting chances.}) 27. Nxe4 $1
{The immediate threat is the deadly Nf6+ and Black doesn't have a good way to
deal with it.} Ba3 28. Nf6+ Kf8 29. dxe6 $1 {Nd7 is now a huge threat.} Qb7 {
One move mate threat which is easily parried.} (29... Bxc1 30. Nd7+ $1 $18) 30.
e4 gxf6 31. Qxf6+ Ke8 (31... Kg8 32. Qh8#) 32. Qg6+ Kf8 (32... Ke7 33. Qf7#)
33. Qxh6+ Ke8 34. Qh5+ {And Black resigned.} (34. Qh5+ Kf8 35. Qh8+ Ke7 36.
Qg7+ Ke8 37. Qg8+ Ke7 38. Qf7# {would have been a nice mate. The game was
interesting and strategically complicated up till a certain point but once
Kramnik was able to play the d5-break, Black's position went downhill pretty
quickly.}) 1-0

[Event "Qatar Masters op"]
[Site "Doha"]
[Date "2014.11.30"]
[Round "5"]
[White "Vovk, Andrey"]
[Black "Kramnik, Vladimir"]
[Result "0-1"]
[WhiteElo "2640"]
[BlackElo "2760"]
[PlyCount "94"]
[EventDate "2014.11.26"]
[EventType "swiss"]
[EventRounds "9"]
[EventCountry "QAT"]
[SourceTitle "CBM 164"]
[Source "ChessBase"]
[SourceDate "2015.01.15"]
[SourceVersion "1"]
[SourceVersionDate "2015.01.15"]
[SourceQuality "1"]
[WhiteClock "1:30:30"]
[BlackClock "1:30:30"]

1. f4 d5 2. Nf3 Bg4 3. e3 Nd7 4. Be2 Ngf6 5. Ne5 Bxe2 6. Qxe2 g6 7. Nc3 Bg7 8.
Qb5 Rb8 9. Nxd7 Qxd7 10. Qxd7+ Kxd7 11. d3 b5 12. a3 c5 13. e4 dxe4 14. dxe4
Kc6 15. Bd2 b4 16. axb4 cxb4 17. Nd5 Nxd5 18. exd5+ Kxd5 19. Rxa7 Bxb2 20. Ke2
Rhc8 21. Kd3 Bf6 22. Rb1 Rd8 23. Ke2 Ke6 24. Ra6+ Kf5 25. Kf3 g5 26. g4+ Kg6
27. Rxb4 Rbc8 28. Be3 gxf4 29. Rxf4 e6 30. Ra5 Rc3 31. Rc5 Rxc5 32. Bxc5 Rc8
33. Bf2 Rc3+ 34. Kg2 Rxc2 35. Kg1 Be5 36. Rf3 f6 37. h3 h5 38. gxh5+ Kxh5 39.
Rd3 Bf4 40. Kg2 e5 41. Ra3 f5 42. Kf1 e4 43. Ra5 Kg5 44. Ra3 Bc7 45. Rb3 Bd6
46. Rb5 Kf4 47. Rb3 Bc5 0-1

[Event "Qatar Masters op"]
[Site "Doha"]
[Date "2014.12.01"]
[Round "6"]
[White "Kramnik, Vladimir"]
[Black "Sjugirov, Sanan"]
[Result "1-0"]
[WhiteElo "2760"]
[BlackElo "2673"]
[Annotator "Sagar Shah"]
[PlyCount "49"]
[EventDate "2014.11.26"]
[EventType "swiss"]
[EventRounds "9"]
[EventCountry "QAT"]
[SourceTitle "CBM 164"]
[Source "ChessBase"]
[SourceDate "2015.01.15"]
[SourceVersion "1"]
[SourceVersionDate "2015.01.15"]
[SourceQuality "1"]
[WhiteClock "0:26:04"]
[BlackClock "0:08:34"]

{Kramnik was on a high after three wins in the three previous rounds. (draws
in the first two rounds). Today he played the young Russian Sanan Sjugirov. In
2010, Sanan had beaten Magnus (2826) in Khanty Mansiysk Olympiad 2010. So he
could not be taken lightly.} 1. Nf3 Nf6 2. g3 d5 3. Bg2 c6 4. d3 Bg4 5. O-O {
When I had just started playing chess, my coach advised me to play these exact
five moves from the white side just so that I wouldn't lose the game quickly.
As for Kramnik, he plays this setup just so that he can play an original game
without much opening theory.} Nbd7 6. Qe1 {Kramnik has good experience with
this line as he played it with the white pieces against Vitiugov in the
Alekhine Memorial in 2013 and against Levon Aronian with the black pieces in
2010.} e5 7. e4 {of course the threat is now exd5 followed by taking on e5.}
Bd6 {This idea had not been played by any grandmaster before. It can be
assumed that Sjugirov had analysed this at home and wanted to test Kramnik in
a new line. It turns out that Vladimir was in mood to refute this system of
play by Black.} (7... dxe4 {is the main line in this position.} 8. dxe4 Bd6 9.
Nbd2 O-O 10. h3 Bh5 11. Nc4 Bc7 12. a4 Re8 (12... b5 13. axb5 cxb5 14. Ne3 $14
{[%cal Ge3d5,Ge3f5]} Nxe4 15. Nh4 $1 $16) 13. Nh4 Nc5 14. Nf5 Ne6 15. Be3 $14 {
1-0 (50) Kramnik,V (2801)-Vitiugov,N (2712) Paris/St Petersburg 2013, When
White had a very harmonious development and went on to win.}) 8. h3 Bh5 (8...
Bxf3 9. Bxf3 dxe4 10. dxe4 O-O {After seeing what happened in this game and in
retrospect, I feel that this is the best way for Black to continue. Even
though White has the bishop pair, the symmetrical pawn structure should give
Black good chances to equalise.}) 9. Nh4 {A very interesting idea. The knight
eyes the f5-square and also frees the way for the f-pawn. The development of
the queenside pieces can wait for the time being.} O-O 10. g4 Bg6 11. g5 (11.
Nf5 {is not at all good because of} Bxf5 12. exf5 (12. gxf5 Re8 $15 {when
Black has a very solid and nice position.}) 12... h6 {preventing g5 for the
time being.} 13. Qd1 Re8 14. Re1 (14. h4 $2 Nh7 $17) 14... Qb6 $15 {Once again
a very harmonious position for Black.}) 11... Nh5 12. exd5 {Kramnik indulges
in winning the d5-pawn. In order to win the pawn he has definitely to burn his
bridges. He has pushed his kingside pawns in such a fashion that weaknesses
abound in plenty and one gets the feeling that Black should have enough
compensation for the missing pawn.} cxd5 13. Nxg6 hxg6 14. Bxd5 Nf4 $44 {
Sjugirov makes the most logical move. He attacks the d5 bishop and also the
g5-pawn forcing White to take the knight on f4.} 15. Bxf4 exf4 16. h4 {These
kingside pawns might look weak but one important fact to understand here is
that Black would like to break this structure with f6 at some point but with
the bishop so strongly placed on d5, it is simply impossible. My chess sense
tells me that Black should definitely have compensation here but Kramnik's
subsequent play casts doubt on it.} Qc8 {Openly eyeing the c2-pawn and in a
stealthy way also the g4-square!} 17. Qe4 $1 {Kramnik is a class act. You can
bank on him to find the most challenging and ambitious moves in the position.
After all that's the reason why he played in such aggressive fashion in the
opening.} (17. Nc3 Ne5 18. Qe4 Qg4+ 19. Qg2 Qxh4 $132 {gives Black a lot of
counterplay.}) 17... Qxc2 {Sjugirov goes for the most critical continuation
asking White what exactly is he trying to do.} (17... Re8 18. Bxb7 $5 (18. Qxg6
Ne5 19. Qe4 Ng6 $5 20. Qxg6 Qg4+ 21. Kh1 Qh3+ 22. Kg1 Qg4+ $11) 18... Qc7 (
18... Rxe4 19. Bxc8 $16) (18... Qxc2 19. Qc6 $1 Qxc6 (19... Qxb2 20. Bxa8 Qxa1
21. Qxd6 $18) 20. Bxc6 $16) 19. Qc6 Rac8 20. Qxc7 Rxc7 21. Bd5 Rxc2 22. Na3
Bxa3 23. bxa3 Rc5 $11 {+/=. Black should be able to hold the draw here.}) 18.
Nc3 {This is the most logical way to develop. The knight comes into the centre.
In such positions along with calculation you need to develop a feel for the
dynamics, something which is possessed by Kramnik to a high degree.} (18. Na3 {
might have been interesting.} Bxa3 (18... Qxb2 19. Nc4 $18) 19. bxa3 Rad8 (
19... Rae8 20. Bxf7+ Kxf7 21. Qd5+ $16 Ke7 22. Rac1 Qa4 23. Rc4 Qa6 24. Rb1 $18
{with a fierce attack.}) 20. Qxf4 Nc5 {and in spite of being a pawn down, it
is clear that Black is not much worse because White's position has so many
weaknesses.}) (18. Qxg6 {[%cal Gg6d6]} Bc5 (18... Qxb2 19. Qxd6 Qxa1 20. Qxd7
$18) 19. Qh5 {threatening g6.} Qxd3 20. g6 Qg3+ $1 21. Kh1 Qh3+ {would be a
nice way to end the game.}) 18... Qxb2 (18... Rae8 19. Qxg6 $1 $16) 19. Qxg6
Bc5 (19... Qxc3 20. Qxd6 Ne5 (20... Rad8 {It is extremely difficult to assess
positions like these. But say after} 21. Rac1 Qe5 (21... Qxd3 22. Bxf7+ $18) (
21... Qa5 22. Be4 (22. Bxb7 Qf5 $1 $13) 22... Nf6 23. Qc7 Qxc7 24. Rxc7 Nxe4
25. dxe4 $14) 22. Qxe5 Nxe5 23. Bxb7 Rxd3 $11 {/+=. White has a small edge
thanks to his bishop being the superior minor piece in an open position. But
the number of pawns on both sdes of the board is equal and Black should be
able to hold this one with accurate play.}) 21. Rac1 Qd4 $5 {is the only move
for Black.} (21... Qb2 22. Rfe1 Nxd3 23. Bxf7+ $1 Rxf7 24. Qxd3 $18) 22. Rc4 $1
(22. Bxf7+ $2 Rxf7 23. Qxd4 Nf3+ $19) 22... Qb2 (22... Nxc4 23. Bxf7+ $18) 23.
Re4 (23. Rxf4 Rad8 $19) 23... Nf3+ 24. Kg2 Nxh4+ 25. Kh3 Nf3 26. g6 Ng5+ 27.
Kh4 Nxe4 28. dxe4 $14 {[%csl Gh4] The king on h4 looks quite safe and in this
position White stands better mainly because his bishop is so strong on d5. A
completely non forcing and long variation to show you how tricky and
complicated the position is.}) (19... Be5 {is another option to be considered.
But White has a strong idea with} 20. Qh5 $1 {[%cal Gg5g6]} Qxc3 21. g6 Nf6 (
21... Rfd8 22. Rac1 Qd4 23. Bxf7+ $40) 22. gxf7+ Rxf7 23. Bxf7+ Kf8 24. Qh8+
Kxf7 25. Qxa8 $18) 20. Ne4 Qe5 {Now after Bb3 White has a lot of threats in
the position, but the question is instead of ...Qe5 what should have Black
played? His position looks already quite perilous.} (20... Qd4 21. Bb3 Qxd3 22.
Nf6+ $18) (20... Rad8 21. Rab1 Qd4 22. Bb3 Be7) (20... Ne5 21. Nf6+ Kh8 22.
Qh7#) (20... Rae8 21. Rae1 $18 {[%csl Gd5,Ge1,Ge4,Gg6]}) 21. Bb3 $1 $14 {
The white rook is coming to e1 now. What should Black do?} Bxf2+ (21... f3 22.
Rae1 Qf4 23. Qh5 {With the threat of g6.} g6 24. Qxg6+ Kh8 25. Qh5+ Kg7 {
it is surprising that White does not have a killer blow over here.} 26. Qh6+
Kg8 27. d4 Bxd4 28. Qg6+ Kh8 29. Qd6 Qg4+ 30. Qg3 (30. Ng3 Qh3 $19) 30... Qxg3+
31. Nxg3 $16 {White has a clear advantage.}) (21... Be7 {seems safer but after}
22. Rae1 $16 {you can clearly see who holds the initiative.}) 22. Nxf2 $1 {
Accurately calculated.} (22. Kxf2 {was a possibility.} Qb2+ 23. Kg1 Qxb3 24.
Qxg7+ Kxg7 25. axb3 f6 26. Ra5 fxg5 27. Rxg5+ Kh7 28. Kh1 $16 {with good
winning chances for White thanks to his superior activity.}) 22... f3 23. Ne4 {
Stopping the check on g3.} Qd4+ {Playing for the last trick. But the way
Kramnik was playing in this entire game it is hard to imagine that he will
stumble now.} (23... Qb2 24. Rxf3 $1 (24. Nf6+ Nxf6 25. gxf6 Qd4+ 26. Kh2 Qxh4+
27. Kg1 Qd4+ $11 {would have been a nice draw for Black.}) 24... Qxb3 (24...
Qxa1+ 25. Rf1 Qd4+ 26. Rf2 Qa1+ 27. Kg2 $18 {The threat of Nf6 is a killer and
Black can do nothing about it.}) 25. Qxg7+ Kxg7 26. axb3 $16 {Black is a pawn
down and most probably will lose this ending. But this was the last chance for
him to continue the game.}) 24. Kh1 $1 (24. Kh2 $2 Qb2+ 25. Nf2 (25. Rf2 Qxa1
$13) 25... Qxb3 26. Qxg7+ Kxg7 27. axb3 Nc5 $11 {Black is ok.}) 24... Qb2 25.
Nf6+ $1 {The final check that was well calculated by Kramnik. After Nxf6 gxf6
the queen on g6 will not only threaten a mate on g7 but also defend the mate
on g2. A great game by Kramnik. I cannot really pinpoint where Sjugirov went
wrong. Maybe the entire idea with 7...Bd6 is dangerous for Black and he should
stick to the simple 7...dxe4. But in order to refute Black's play you need a
player like Kramnik who feels the position like a human and calculates like a
machine!} (25. Nf6+ Nxf6 26. gxf6 $18) 1-0